Practical guide book for enviormental management in mines: Labory Manual (Record no. 12925)
[ view plain ]
| 000 -LEADER | |
|---|---|
| fixed length control field | 00414cam a2200133ua 4500 |
| 003 - CONTROL NUMBER IDENTIFIER | |
| control field | OSt |
| 008 - FIXED-LENGTH DATA ELEMENTS--GENERAL INFORMATION | |
| fixed length control field | 250222b |||||||| |||| 00| 0 eng d |
| 041 ## - LANGUAGE CODE | |
| Language code of text/sound track or separate title | eng |
| 100 ## - MAIN ENTRY--AUTHOR NAME | |
| Personal name | Rathore, S.S . |
| 245 00 - TITLE STATEMENT | |
| Title | Practical guide book for enviormental management in mines: Labory Manual |
| 260 ## - PUBLICATION, DISTRIBUTION, ETC. (IMPRINT) | |
| Place of publication | Udapur : |
| Name of publisher | Dept of Mining, College of Technology and Engineering, |
| Year of publication | 2004. |
| 700 1# - ADDED ENTRY--PERSONAL NAME | |
| Personal name | Jain, S.S . |
| 942 ## - ADDED ENTRY ELEMENTS (KOHA) | |
| Koha item type | Books |
| Withdrawn status | Lost status | Damaged status | Home library | Current library | Date acquired | Source of acquisition | Cost, normal purchase price | Accession Number |
|---|---|---|---|---|---|---|---|---|
| KAUAET | KAUAET | 22/02/2025 | College of Technology and Engineering, Udaipur | 60.00 | 21057 | |||
| KAUAET | KAUAET | 22/02/2025 | College of Technology and Engineering, Udaipur | 60.00 | 21058 | |||
| KAUAET | KAUAET | 22/02/2025 | College of Technology and Engineering, Udaipur | 60.00 | 21059 | |||
| KAUAET | KAUAET | 22/02/2025 | College of Technology and Engineering, Udaipur | 60.00 | 21060 |
